000 00615nam a22002297a 4500
003 UA-OsUOA
001 96721
007 ta
008 20130321b un ||||| |||| 00| 0 ukr d
100 _aМедведев Д.
090 _a821.161.1
_bМ42
942 _cBK
040 _aUA-OsUOA
_brus
_cUA-OsUOA
_dUA-OsUOA
245 _aНа берегах Южного Буга
_bповесть
300 _a392 с.
955 _a3
041 _arus
080 _a821.161.1
260 _aОдесса
_bМаяк
_c1988
650 7 _a82 Література. Літературознавство
_2UDC
999 _c382977
_d382977